000
00258 a2200097 4500
001
42563
100
_a
Johnson J.J
245
_a
the role of the military in under developed countries
260
_a
New Jersey
_b
Princeton Univ press
_c
090
_c
26473
_d
26473
942
_a
NUST-CAE
_c
M
_c
18306
999
_c
277636
_d
277636